000 00314nam a22001457a 4500
008 210312b ||||| |||| 00| 0 eng d
020 _a9780757577093
041 _aeng
080 _26th
_a7
082 _26th
_a7
100 _a44
101 _aART
245 _aLearning about Dance
_cFalb,C.M
942 _2udc
_cBK
999 _c56553
_d56553